000
00307nam a2200109Ia 4500
008
171211s9999 xx 000 0 und d
245
_a
Making Movies: A Guide for Serious Amateurs
245
_c
Maria Langer
260
_c
2011
650
_x
Hobbies
856
_u
http://down.ebook777.com/063/9781886637030.pdf
999
_c
350334
_d
350334